Horror Movie Franchises #5: Child’s Play - Statistics

General Stats
  • This quiz has been taken 76 times
  • The average score is 7 of 8
Answer Stats
Movie % Correct
Child’s Play
100%
Child’s Play (2019 Remake)
100%
Child’s Play 2
98%
Child’s Play 3
98%
Bride of Chucky
92%
Seed of Chucky
87%
Cult of Chucky
82%
Curse of Chucky
77%
No matching quizzes found
Score Distribution
Percent of People with Each Score
Percentile by Number Answered
Your Score History
You have not taken this quiz